000 00615nam a2200229 i 4500
001 C2-0270023
003 PPAK
005 20180728000519.0
008 060809s2004 xxka|||| ||||| | eng d
020 _a0755438957
040 _aPPAK
_beng
_cPPAK
_erda
082 0 4 _a428.6
_223
090 0 0 _a428.6
_bPAR
_dK
245 0 2 _aA party in the jungle
264 1 _aBath, United Kingdom :
_bGrandreams Books ,
_c2004
300 _a[10 pages] :
_bcolour illustrations ;
_c23 cm
336 _2rdacontent
_atext
337 _2rdamedia
_aunmediated
338 _2rdacarrier
_avolume
650 1 0 _aReaders
942 _ddc
_cB
999 _c78603
_d78603